Quante corde ha? (strumenti musicali) - Statistics

Statistiche generali
  • Questo quiz è stato fatto 31 volte
  • Il punteggio medio è 7 su 15
Statistiche sulle risposte
Domanda Risposta % Corretto
Quante corde ha il BASSO? 4
82%
Quante corde ha la CHITARRA? 6
82%
Quante corde ha il CONTRABBASSO? 4
68%
Quante corde ha il VIOLINO? 4
68%
Quante corde ha l'UKULELE? 4
64%
Quante corde ha l'ARPA? 47
57%
Quante corde ha la VIOLA? 4
50%
Quante corde ha il VIOLONCELLO? 4
50%
Quante corde ha il CLAVICEMBALO? 150
39%
Quante corde ha il BANJO 5
39%
Quante corde ha la LIRA? 7
36%
Quante corde ha il MANDOLINO? 8
36%
Quante corde ha il PIANOFORTE? 220
32%
Quante corde ha la BALALAIKA? 3
21%
Quante corde ha il SITAR? 21
11%
Nessun quiz corrispondente trovato
Distribuzione punteggi
Percentuale di utenti per punteggio
Percentile per numero di risposta
I tuoi punteggi nel tempo
Non hai fatto questo quiz